<?xml version="1.0" encoding="UTF-8"?><?xml-stylesheet type="text/xsl" href="static/style.xsl"?><OAI-PMH xmlns="http://www.openarchives.org/OAI/2.0/" xmlns:xsi="http://www.w3.org/2001/XMLSchema-instance" xsi:schemaLocation="http://www.openarchives.org/OAI/2.0/ http://www.openarchives.org/OAI/2.0/OAI-PMH.xsd"><responseDate>2026-04-14T05:18:51Z</responseDate><request verb="GetRecord" identifier="oai:www.recercat.cat:10230/37279" metadataPrefix="marc">https://recercat.cat/oai/request</request><GetRecord><record><header><identifier>oai:recercat.cat:10230/37279</identifier><datestamp>2025-12-22T13:41:34Z</datestamp><setSpec>com_2072_6</setSpec><setSpec>col_2072_452952</setSpec></header><metadata><record xmlns="http://www.loc.gov/MARC21/slim" xmlns:dcterms="http://purl.org/dc/terms/" xmlns:xsi="http://www.w3.org/2001/XMLSchema-instance" xmlns:doc="http://www.lyncode.com/xoai" xsi:schemaLocation="http://www.loc.gov/MARC21/slim http://www.loc.gov/standards/marcxml/schema/MARC21slim.xsd">
   <leader>00925njm 22002777a 4500</leader>
   <datafield ind2=" " ind1=" " tag="042">
      <subfield code="a">dc</subfield>
   </datafield>
   <datafield ind2=" " ind1=" " tag="720">
      <subfield code="a">Gil Rodríguez, Raquel</subfield>
      <subfield code="e">author</subfield>
   </datafield>
   <datafield ind2=" " ind1=" " tag="720">
      <subfield code="a">Vazquez-Corral, Javier</subfield>
      <subfield code="e">author</subfield>
   </datafield>
   <datafield ind2=" " ind1=" " tag="720">
      <subfield code="a">Bertalmío, Marcelo</subfield>
      <subfield code="e">author</subfield>
   </datafield>
   <datafield ind2=" " ind1=" " tag="260">
      <subfield code="c">2019-05-23T12:48:49Z</subfield>
   </datafield>
   <datafield ind2=" " ind1=" " tag="260">
      <subfield code="c">2019-05-23T12:48:49Z</subfield>
   </datafield>
   <datafield ind2=" " ind1=" " tag="260">
      <subfield code="c">2017</subfield>
   </datafield>
   <datafield ind2=" " ind1=" " tag="520">
      <subfield code="a">Comunicació presentada a: SMPTE 2017 Annual Technical Conference and Exhibition, celebrat del 23 al 26 d&amp;apos;octubre de 2017 a Los Angeles, Estats Units d&amp;apos;Amèrica.</subfield>
   </datafield>
   <datafield ind2=" " ind1=" " tag="520">
      <subfield code="a">In cinema and TV it is quite usual to have to work with footage coming from several cameras, which show noticeable color differences among them even if they are all the same model. In TV broadcasts, technicians work in camera control units so as to ensure color consistency when cutting from one camera to another. In cinema post-production, colorists need to manually colormatch images coming from different sources. Aiming to help perform this task automatically, the Academy Color Encoding System (ACES) introduced a color management framework to work within the same color space and be able to use different cameras and displays; however, the ACES pipeline requires to have the cameras characterized previously, and therefore does not allow to work ‘in the wild’, a situation which is very common. We present a color stabilization method that, given two images of the same scene taken by two cameras with unknown settings and unknown internal parameter values, and encoded with unknown non-linear curves (logarithmic or gamma), is able to correct the colors of one of the images making it look as if it was captured with the other camera. Our method is based on treating the in-camera color processing pipeline as a combination of a 3x3 matrix followed by a non-linearity, which allows us to model a color stabilization transformation among two shots as a linear-nonlinear function with several parameters. We find corresponding points between the two images, compute the error (color difference) over them, and determine the transformation parameters that minimize this error, all automatically without any user input. The method is fast and the results have no spurious colors or spatio-temporal artifacts of any kind. It outperforms the state of the art both visually and according to several metrics, and can handle very challenging real-life examples.</subfield>
   </datafield>
   <datafield ind2=" " ind1=" " tag="520">
      <subfield code="a">This work was supported by the European Research Council, Starting Grant ref. 306337, by the Spanish government and FEDER Fund, grant ref. TIN2015-71537-P(MINECO/FEDER,UE), and by the Icrea Academia Award. The work of J. Vazquez-Corral was supported by the Spanish government under Grant IJCI-2014-19516.</subfield>
   </datafield>
   <datafield tag="653" ind2=" " ind1=" ">
      <subfield code="a">Color stabilization</subfield>
   </datafield>
   <datafield tag="653" ind2=" " ind1=" ">
      <subfield code="a">Color matching</subfield>
   </datafield>
   <datafield tag="653" ind2=" " ind1=" ">
      <subfield code="a">Non-linearity estimation</subfield>
   </datafield>
   <datafield tag="653" ind2=" " ind1=" ">
      <subfield code="a">Logarithmic encoded images</subfield>
   </datafield>
   <datafield tag="653" ind2=" " ind1=" ">
      <subfield code="a">Gamma corrected images</subfield>
   </datafield>
   <datafield ind2="0" ind1="0" tag="245">
      <subfield code="a">Color-matching shots from different cameras having unknown gamma or logarithmic encoding curves</subfield>
   </datafield>
</record></metadata></record></GetRecord></OAI-PMH>